FKA Twigs Songs- Sudden Death - Statistics

General Stats
  • This quiz has been taken 43 times
  • The average score is 6 of 10
Answers on the Grid
Answers color-coded by a green-red scale on the quiz's grid according to % correct below.
Weak Spot
Curious
Ache
Two Weeks
Sad Day
Fallen Angel
Girl Feels Good
Mirrored Heart
Troubleshoot
Minds of Men
Trouble
Rooibos
Papi Bones
Cellophane
Sacred Ground
Give In
Crystalline
Palace
Ultraviolet
Monochrome
 
Answer Stats
Answer % Correct
Cellophane
77%
Girl Feels Good
77%
Papi Bones
67%
Sad Day
63%
Two Weeks
63%
Mirrored Heart
60%
Minds of Men
53%
Ache
43%
Weak Spot
43%
Ultraviolet
40%
No matching quizzes found
Score Distribution
Percent of People with Each Score
Percentile by Number Answered
Your Score History
You have not taken this quiz